000
00292nam a22001217a 4500
999
_c
11986
_d
11986
020
_a
9780195978827
082
_a
954.0245
100
_a
Matta, Basheer Ahmed Khan
245
_a
Sher Shah Suri
_b
A fresh perspective
260
_a
Karachi
_b
Oxford
_c
2005
300
_a
x, 254 pages
942
_c
BK